00349nam a2200109Ia 4500008004100000082000800041100001800049245005400067942000600121952009700127999001500224240331s9999 xx 000 0 und d bTWO aMuthiah,W. ed 0aTwo languages one nation one language two nations cL 001040708LaWERCLbWERCLcSSCd2024-03-31l0o 305.7 TWOp6050r2024-03-31w2024-03-31yL c4484d4484